Establishment of Sugbang Pinoy Resto in Rizal Boulevard along San Jose Street, Dumaguete City / (Record no. 5846)
[ view plain ]
| 000 -LEADER | |
|---|---|
| fixed length control field | 03136nam a22003857a 4500 |
| 003 - CONTROL NUMBER IDENTIFIER | |
| control field | OSt |
| 005 - DATE AND TIME OF LATEST TRANSACTION | |
| control field | 20260428171033.0 |
| 008 - FIXED-LENGTH DATA ELEMENTS--GENERAL INFORMATION | |
| fixed length control field | 260428b |||||||| |||| 00| 0 eng d |
| 040 ## - CATALOGING SOURCE | |
| Original cataloging agency | Foundation University |
| Language of cataloging | eng |
| Transcribing agency | Foundation University |
| Description conventions | rda |
| 050 ## - LIBRARY OF CONGRESS CALL NUMBER | |
| Classification number | CHM (HRM-FS) LG 221 D35 H67 |
| Item number | A5 H68 2014 A46 |
| 100 ## - MAIN ENTRY--PERSONAL NAME | |
| Personal name | Almendras, Precy Diane |
| 9 (RLIN) | 7586 |
| Relator term | author. |
| 245 ## - TITLE STATEMENT | |
| Title | Establishment of Sugbang Pinoy Resto in Rizal Boulevard along San Jose Street, Dumaguete City / |
| Statement of responsibility, etc. | by Precy Diane Almendras, Anabisa Bentazal, Geraldine Herrera, and [others.] |
| 260 ## - PUBLICATION, DISTRIBUTION, ETC. | |
| Place of publication, distribution, etc. | Dumaguete City : |
| Name of publisher, distributor, etc. | Foundation University, |
| Date of publication, distribution, etc. | 2014. |
| 264 ## - PRODUCTION, PUBLICATION, DISTRIBUTION, MANUFACTURE, AND COPYRIGHT NOTICE | |
| Copyright Date | 2014. |
| 300 ## - PHYSICAL DESCRIPTION | |
| Extent | xi, 168 leaves : |
| Other physical details | ill. (col.) |
| Dimensions | 28 cm |
| Materials specified | Thesis |
| Type of unit | leaves |
| 336 ## - CONTENT TYPE | |
| Source | rdacontent |
| Content type term | text |
| Content type code | txt |
| 337 ## - MEDIA TYPE | |
| Source | rdamedia |
| Media type term | unmediated |
| Media type code | n |
| 338 ## - CARRIER TYPE | |
| Materials specified | thesis |
| Carrier type term | volume |
| Carrier type code | nc |
| 502 ## - DISSERTATION, THESIS NOTE | |
| Linkage | Thesis Undergraduate (BS in Hospitality Management Major in Hotel and Restaurant Management) -- Foundation University, Dumaguete City, 2015. |
| 504 ## - BIBLIOGRAPHY, ETC. NOTE | |
| Bibliography, etc. note | Includes bibliographical references and appendices. |
| 520 ## - ABSTRACT, SUMMARY, ETC. | |
| Abstract, Summary, etc. | ABSTRACT<br/>The main objective why the proposed Sugbang Pinoy Resto was studied<br/>because the researchers need to determine its feasibility in the marketing.<br/>technical, management, financial and socio-economic aspects. The researchers<br/>use several methods in gathering and interpreting data. Based on the evaluated<br/>results, the proposed business is said to viable in all aspects.<br/>Sugbang Pinoy is feasible in terms in marketing point of view because the<br/>target mnarket of the proposed business is willing to avail the product and services<br/>offered. In the technical point of view the propose business is feasible also since<br/>the business will provide standard services and products that can totally exceeds<br/>the customers satisfaction. It is feasible in management point of view because<br/>the business has no complicated organization and the specific tasks are given to<br/>the assigned employee. In the socio-economic view it is feasible since it<br/>acceptable by the society and it gives more employment to the city. The<br/>proposed business is feasible in the financial point of view because it is<br/>profitable. |
| 521 ## - TARGET AUDIENCE NOTE | |
| Target audience note | Bachelor of Science in Hospitality Management Major in Hotel and Restaurant Management |
| 650 ## - SUBJECT ADDED ENTRY--TOPICAL TERM | |
| Topical term or geographic name entry element | Restaurants |
| General subdivision | Philippines |
| -- | Dumaguete City. |
| -- | Planning. |
| 9 (RLIN) | 15404 |
| 650 ## - SUBJECT ADDED ENTRY--TOPICAL TERM | |
| Topical term or geographic name entry element | Filipino cooking |
| 9 (RLIN) | 9366 |
| Geographic subdivision | Philippines. |
| 650 ## - SUBJECT ADDED ENTRY--TOPICAL TERM | |
| Topical term or geographic name entry element | Food service |
| General subdivision | Business planning. |
| 9 (RLIN) | 14561 |
| 650 ## - SUBJECT ADDED ENTRY--TOPICAL TERM | |
| Topical term or geographic name entry element | Hospitality industry |
| General subdivision | Management. |
| 9 (RLIN) | 15405 |
| Geographic subdivision | Philippines |
| 650 ## - SUBJECT ADDED ENTRY--TOPICAL TERM | |
| Topical term or geographic name entry element | Feasibility studies |
| General subdivision | Food industry |
| 9 (RLIN) | 9366 |
| Geographic subdivision | Philippines. |
| 650 ## - SUBJECT ADDED ENTRY--TOPICAL TERM | |
| Topical term or geographic name entry element | Small business enterprises |
| Geographic subdivision | Philippines |
| General subdivision | Planning. |
| 9 (RLIN) | 15644 |
| 658 ## - INDEX TERM--CURRICULUM OBJECTIVE | |
| Main curriculum objective | Research in Tourism & Hospitality : |
| Subordinate curriculum objective | Hospitality Management Major in Hotel and Restaurant Management, Bachelor of Science. ; |
| Curriculum code | HOSM 404 |
| 700 ## - ADDED ENTRY--PERSONAL NAME | |
| Personal name | Bentazal, Anabisa |
| Dates associated with a name | co-author |
| 9 (RLIN) | 7587 |
| 700 ## - ADDED ENTRY--PERSONAL NAME | |
| Personal name | Herrera, Geraldine |
| Relator term | co-author |
| 9 (RLIN) | 15406 |
| 700 ## - ADDED ENTRY--PERSONAL NAME | |
| Personal name | Sedillo, Sheryl |
| Relator term | co-author |
| 9 (RLIN) | 15407 |
| 700 ## - ADDED ENTRY--PERSONAL NAME | |
| Personal name | Tan, Anna Rose |
| Relator term | co-author |
| 9 (RLIN) | 15792 |
| 942 ## - ADDED ENTRY ELEMENTS (KOHA) | |
| Source of classification or shelving scheme | Library of Congress Classification |
| Koha item type | Capstone |
| Classification part | LG 221 D35 H67 |
| Item part | A5 H68 2014 A46 |
| Call number prefix | CHM (HRM-FS) |
| Suppress in OPAC | No |
| Withdrawn status | Lost status | Source of classification or shelving scheme | Damaged status | Not for loan | Home library | Current library | Shelving location | Date acquired | Source of acquisition | Total Checkouts | Full call number | Barcode | Date last seen | Price effective from | Koha item type | Accession Number |
|---|---|---|---|---|---|---|---|---|---|---|---|---|---|---|---|---|
| Library of Congress Classification | Foundation University Library | Foundation University Library | Undergraduate Thesis | 04/28/2026 | Donated | CHM (HRM-FS) LG 221 D35 H67 A5 H68 2014 A46 | 58180 | 04/28/2026 | 04/28/2026 | Thesis | HRM-FS-2026009 |
